Normal view MARC view

Entry Personal Name

Number of records used in: 1

001 - CONTROL NUMBER

  • control field: 262018

003 - CONTROL NUMBER IDENTIFIER

  • control field: OSt

005 - DATE AND TIME OF LATEST TRANSACTION

  • control field: 20260417111801.0

008 - FIXED-LENGTH DATA ELEMENTS

  • fixed length control field: 260417|| aca||aabn | a|a d

040 ## - CATALOGING SOURCE

  • Original cataloging agency: OSt
  • Transcribing agency: OSt

100 ## - HEADING--PERSONAL NAME

  • Personal name: BALAVANTHA (Em Yu).
  • Dates associated with a name: ಬಲವಂತ (ಎಂ ಯು)

670 ## - SOURCE DATA FOUND

  • Source citation: Work cat.: (OSt)87554: BALAVANTHA (Em Yu). ಬಲವಂತ (ಎಂ ಯು) , Vanijya shastra. Baga 2. (II PUC)., 1985